| 000 | 00564nam a22001817a 4500 | ||
|---|---|---|---|
| 999 |
_c188439 _d188439 |
||
| 005 | 20220523124051.0 | ||
| 010 | _aENG-132778 | ||
| 020 | _c200.00 | ||
| 035 | _aEN-116310 | ||
| 037 | _bDBAD/PUB | ||
| 082 | _a320.95432 | ||
| 100 | _aRao, K Raghavendra | ||
| 245 |
_aKarnataka Unification a Political Interpretation/ _cK. Raghavendra Rao |
||
| 260 |
_aVidyaranya _bManjunatha Bevinakatti _c2010 |
||
| 270 |
_aKanna University, Hampi _bVidyaranya _e583276 |
||
| 300 |
_avii, 285p. _bBibliography _c21cm(pbk) |
||
| 942 |
_2ddc _cEN _h320.95432 _mRAO |
||